000 nam a22 7a 4500
999 _c10064
_d10064
008 180210b ||||| |||| 00| 0 eng d
100 _aTripp, T
_96089
245 _aShepherding a child`s heart
260 _aLondon
_bShepherd press
_c1995